Estudio de factibilidad sistema automatizado de atención hospitalaria
Presenta un estudio de factibilidad de sistema automatizado de atención hospitalaria Alemán Nicaragüense. Describe un resumen de entrevistas y observaciones; diagrama de flujo de datos; descripción de flujo de datos; diagrama general del sistema; formatos de expedientes; formatos presupuestos; f...
| Main Authors: | , , |
|---|---|
| Other Authors: | |
| Format: | Tesis Section = Libro |
| Language: | Undetermined Spanish |
| Published: |
Managua
UNI
1994
|
| Subjects: |
| LEADER | 01101nam a2200265Ia 4500 | ||
|---|---|---|---|
| 008 | 240830s9999 xx 000 0 und d | ||
| 040 | |a BIBLIOTECA-RUSB/ Mon 001.64404 G166 | ||
| 041 | |a spa | ||
| 082 | |a Mon 001.64404 G166 | ||
| 100 | 1 | |a Gallegos Méndez, Edith | |
| 100 | 1 | |b Núñez Salas, Corina | |
| 100 | 1 | |c Solís Rubí, Tania | |
| 245 | 1 | 0 | |a Estudio de factibilidad sistema automatizado de atención hospitalaria |
| 260 | |a Managua |b UNI |c 1994 | ||
| 300 | |a p. irreg. :il. | ||
| 500 | |a Contiene: anexos. | ||
| 502 | |a Tesis (Ingeniero en Computación) - UNI, 1994. | ||
| 520 | 3 | |a Presenta un estudio de factibilidad de sistema automatizado de atención hospitalaria Alemán Nicaragüense. Describe un resumen de entrevistas y observaciones; diagrama de flujo de datos; descripción de flujo de datos; diagrama general del sistema; formatos de expedientes; formatos presupuestos; formatos cotizaciones. | |
| 650 | 7 | |a SISTEMAS DE REDES | |
| 650 | 7 | |b PROCESO DE DATOS | |
| 650 | 7 | |c ANÁLISIS DE SISTEMAS | |
| 700 | 1 | |a Tutor: | |
| 942 | |c BK |2 ddc | ||
| 991 | |a TESIS | ||
| 999 | |c 19567 | ||